Dom smútku, Pezinok

Enregistré dans:
Détails bibliographiques
Auteur principal: Szuriová, Rebeka (Auteur)
Autres auteurs: Daniel, Peter (Directeur de thèse)
Format: Manuscrit Livre
Langue:slovaque
Publié: Bratislava 2023
Sujets:
Accès en ligne:http://is.stuba.sk/zp/portal_zp.pl?podrobnosti=155741
Tags: Ajouter un tag
Pas de tags, Soyez le premier à ajouter un tag!

MARC

LEADER 00000ntm a22000003a 4500
001 stuzp93916
003 SK-STU
005 20231004110341.1
007 ta
008 150427s2015----xo-----f-mn---000-0-slo-d
040 |a STU  |b slo 
041 0 |a slo 
100 1 |a Szuriová, Rebeka  |u 055150  |4 aut  |U FAD Fakulta architektúry a dizajnu  |T FAD Ústav interiéru a výstavníctva  |X 103670  |U A5150  |Y 396  |7 103670 
242 0 1 |a Funeral Hall, Pezinok  |y eng 
245 1 0 |a Dom smútku, Pezinok 
260 |c 2023  |a Bratislava 
650 4 |a emócie  |2 slo 
650 4 |a minimalizmus  |2 slo 
650 4 |a dom smútku  |2 slo 
650 4 |a mourning house  |2 eng 
650 4 |a emotions  |2 eng 
650 4 |a minimalism  |2 eng 
700 1 |a Daniel, Peter  |u 055150  |k Z1  |4 ths  |U FAD Fakulta architektúry a dizajnu  |T FAD Ústav interiéru a výstavníctva  |X 388  |U A5150  |Y 396  |7 A000000388 
856 4 |u http://is.stuba.sk/zp/portal_zp.pl?podrobnosti=155741  |u https://opac.crzp.sk/?fn=detailBiblioForm&sid=2D2C61E4341E5366526A1A3BFA9A